[Event "European Individual Championship"]
[Site "Yerevan ARM"]
[Date "2014.03.12"]
[EventDate "2014.03.03"]
[Round "9.53"]
[Result "1/2-1/2"]
[White "Ashot Sergeyevich Nadanian"]
[Black "Jan-Krzysztof Duda"]
[WhiteElo "2399"]
[BlackElo "2563"]
[PlyCount "132"]

1. d4 Nf6 2. c4 e6 3. Nc3 Bb4 4. f3 d5 5. a3 Bxc3+ 6. bxc3 c6
7. e3 O-O 8. Bd3 b6 9. cxd5 cxd5 10. Ne2 Bb7 11. O-O Qc8
12. a4 Re8 13. Qd2 Ba6 14. e4 Bxd3 15. Qxd3 Qa6 16. Qe3 Nc6
17. Ng3 Rac8 18. Ba3 Qc4 19. Rae1 Kh8 20. e5 Ng8 21. f4 g6
22. f5 exf5 23. Rxf5 gxf5 24. Nxf5 Nxe5 25. dxe5 Qxc3 26. Nd6
Nh6 27. Nxe8 Qxe3+ 28. Rxe3 Rxe8 29. Bb2 Ng4 30. Re2 Kg8
31. h3 Nf6 32. Rd2 Ne4 33. Rxd5 Nc5 34. a5 Ne6 35. Rd7 Ra8
36. Rd5 Rc8 37. Ba3 Rc7 38. axb6 axb6 39. Rd3 h5 40. Rb3 Rb7
41. Bd6 Kg7 42. Rg3+ Kh6 43. Kh2 b5 44. Rf3 Nd4 45. Rf4 Ne6
46. Rf6+ Kg7 47. Rf3 Ra7 48. Rb3 Rb7 49. Bb4 Kg6 50. Rf3 Rd7
51. Bd6 f5 52. Rg3+ Kh7 53. Rb3 Rb7 54. Rb4 Kg6 55. g3 f4
56. gxf4 Kf5 57. Kg3 Rg7+ 58. Kh2 h4 59. Kh1 Rg3 60. Kh2 Rd3
61. Rxb5 Nd4 62. Rb4 Rd2+ 63. Kg1 Nf3+ 64. Kf1 Nh2+ 65. Kg1
Nf3+ 66. Kf1 Nh2+ 1/2-1/2

[Event "European Individual Championship"]
[Site "Yerevan ARM"]
[Date "2014.03.14"]
[EventDate "2014.03.03"]
[Round "11.34"]
[Result "1-0"]
[White "Jan-Krzysztof Duda"]
[Black "Mikhailo Oleksienko"]
[WhiteElo "2563"]
[BlackElo "2640"]
[PlyCount "99"]

1. e4 c5 2. Nf3 e6 3. d4 cxd4 4. Nxd4 a6 5. Be2 Nf6 6. Nc3 Qc7
7. O-O d6 8. a4 Be7 9. f4 O-O 10. Kh1 Nc6 11. Be3 Re8 12. Bf3
Rb8 13. Nb3 b6 14. Qd2 Na5 15. Qf2 Nc4 16. Bc1 Bf8 17. Nd4 e5
18. Nde2 d5 19. fxe5 Nxe5 20. exd5 Nxf3 21. Qxf3 Bg4 22. Qg3
Qxg3 23. Nxg3 Bb4 24. h3 Bxc3 25. bxc3 Bd7 26. Rxf6 gxf6
27. Bf4 Re5 28. c4 Rc8 29. Bxe5 fxe5 30. a5 b5 31. Ne4 Kg7
32. cxb5 Bxb5 33. Nd6 Rc5 34. c4 Bxc4 35. Rc1 Rxa5 36. Rxc4
Rxd5 37. Rc6 Kg6 38. Rxa6 f5 39. Ne4+ Kg7 40. Nf6 Rd1+ 41. Kh2
f4 42. Ne4 Re1 43. Ng5 h6 44. Nf3 Re2 45. Re6 e4 46. Nd4 Re1
47. Nf5+ Kh7 48. Rxh6+ Kg8 49. Rf6 Rf1 50. Ne3 1-0

[Event "Chess Olympiad"]
[Site "Tromso NOR"]
[Date "2014.08.02"]
[EventDate "2014.08.02"]
[Round "1.14"]
[Result "1-0"]
[White "Jan-Krzysztof Duda"]
[Black "Catarino Domingos"]
[WhiteElo "2576"]
[BlackElo "2280"]
[PlyCount "75"]

1. e4 e5 2. Nf3 Nc6 3. d4 exd4 4. Nxd4 Bc5 5. Nb3 Bb4+ 6. c3
Be7 7. f4 d6 8. Bd3 Nf6 9. O-O O-O 10. Kh1 d5 11. e5 Ne4
12. N1d2 Bf5 13. Qf3 Nxd2 14. Bxd2 Bxd3 15. Qxd3 f6 16. exf6
Rxf6 17. Rae1 Qd7 18. f5 Rf7 19. g4 h6 20. Bf4 Rd8 21. Re6 d4
22. c4 Nb4 23. Qe4 b6 24. Nxd4 Qxd4 25. Rxe7 Qxe4+ 26. Rxe4
Nxa2 27. Ra1 Nb4 28. Rxa7 Nd3 29. Bg3 Nxb2 30. Kg2 c5 31. Ra2
Rd2+ 32. Kh3 Rfd7 33. Re8+ Kf7 34. Raa8 R7d3 35. Rf8+ Ke7
36. Rg8 Kf7 37. Rae8 Kf6 38. Rgf8+ 1-0

[Event "Chess Olympiad"]
[Site "Tromso NOR"]
[Date "2014.08.03"]
[EventDate "2014.08.02"]
[Round "2.15"]
[Result "0-1"]
[White "Russell John Dive"]
[Black "Jan-Krzysztof Duda"]
[WhiteElo "2318"]
[BlackElo "2576"]
[PlyCount "66"]

1. Nf3 e6 2. c4 Nf6 3. g3 d5 4. Bg2 dxc4 5. Qa4+ Nbd7 6. Qxc4
a6 7. Qc2 c5 8. O-O b6 9. b3 Bb7 10. Bb2 Be7 11. d4 Rc8
12. dxc5 Bxc5 13. Nc3 O-O 14. Rac1 b5 15. a3 Qe7 16. b4 Ba7
17. Qb1 h6 18. Nd2 Bxg2 19. Kxg2 Ng4 20. Qe4 Nde5 21. Kg1 f5
22. Qg2 Nxf2 23. Rxf2 Ng4 24. Nd1 Rxc1 25. Bxc1 Rc8 26. Nb3
Nxf2 27. Nxf2 Rc3 28. Qa8+ Kh7 29. Kg2 Bxf2 30. Kxf2 Rxb3
31. Qxa6 Qd7 32. Be3 Rb1 33. Qb6 Qd1 0-1

[Event "Chess Olympiad"]
[Site "Tromso NOR"]
[Date "2014.08.04"]
[EventDate "2014.08.02"]
[Round "3.5"]
[Result "1/2-1/2"]
[White "Lazaro Bruzon Batista"]
[Black "Jan-Krzysztof Duda"]
[WhiteElo "2664"]
[BlackElo "2576"]
[PlyCount "63"]

1. d4 d5 2. c4 c6 3. Nc3 Nf6 4. cxd5 cxd5 5. Bf4 Nc6 6. e3 a6
7. Bd3 Bg4 8. Nge2 e6 9. O-O Bd6 10. f3 Bh5 11. Na4 O-O
12. Nc5 Rb8 13. Rc1 Nb4 14. Bb1 a5 15. a3 Na6 16. Bxd6 Qxd6
17. Qd2 Nxc5 18. Rxc5 b6 19. Rc3 Rfc8 20. Rfc1 Rxc3 21. Qxc3
Bg6 22. Bxg6 hxg6 23. Qc7 Qxc7 24. Rxc7 Ne8 25. Rc6 Kf8
26. Nc3 b5 27. Ne2 a4 28. Ra6 Ke7 29. Ra7+ Kf8 30. Ra6 Ke7
31. Ra7+ Kf8 32. Ra6 1/2-1/2

[Event "Chess Olympiad"]
[Site "Tromso NOR"]
[Date "2014.08.06"]
[EventDate "2014.08.02"]
[Round "5.24"]
[Result "0-1"]
[White "Jasem Al-Huwar"]
[Black "Jan-Krzysztof Duda"]
[WhiteElo "2277"]
[BlackElo "2576"]
[PlyCount "58"]

1. Nf3 Nf6 2. g3 d5 3. Bg2 e6 4. O-O Be7 5. d4 O-O 6. c4 c6
7. Nc3 Nbd7 8. b3 b6 9. Bb2 Ba6 10. Nd2 Rc8 11. e4 dxe4
12. Ndxe4 b5 13. c5 b4 14. Nxf6+ Bxf6 15. Ne4 Bxf1 16. Bxf1
Be7 17. Qc2 Nf6 18. Ng5 g6 19. h4 Rc7 20. Ba6 Nd5 21. Nf3 Bf6
22. h5 Rd7 23. a3 bxa3 24. Bxa3 Ne7 25. hxg6 hxg6 26. Bb2 Nf5
27. Bc4 Kg7 28. Rd1 Qc7 29. g4 Qf4 0-1

[Event "Chess Olympiad"]
[Site "Tromso NOR"]
[Date "2014.08.08"]
[EventDate "2014.08.02"]
[Round "6.19"]
[Result "1-0"]
[White "Jan-Krzysztof Duda"]
[Black "Jorge Cori"]
[WhiteElo "2576"]
[BlackElo "2630"]
[PlyCount "151"]

1. e4 c5 2. Nf3 e6 3. d4 cxd4 4. Nxd4 Nc6 5. Nc3 Qc7 6. Be2 a6
7. O-O Nf6 8. Be3 Bb4 9. Na4 Be7 10. Nxc6 bxc6 11. Nb6 Rb8
12. Nxc8 Qxc8 13. Bd4 c5 14. Be5 Rb6 15. Qd3 d6 16. Bc3 O-O
17. b3 d5 18. exd5 Nxd5 19. Be5 Bf6 20. Bxf6 Nxf6 21. Rad1 Qc7
22. Qc4 a5 23. c3 Rbb8 24. Rd2 Nd5 25. Bf3 Nb6 26. Qb5 a4
27. bxa4 Qf4 28. Re2 Qxa4 29. Qxc5 Rfc8 30. Qb4 Qa7 31. Qd4
Qa3 32. Rc2 Rc4 33. Qe3 Na4 34. Qa7 Rbc8 35. Be2 Qc5 36. Qxc5
R4xc5 37. c4 Rb8 38. Rd1 Kf8 39. g3 Ke7 40. Rd3 Rc7 41. Rb3
Rd8 42. Kg2 Nc5 43. Ra3 Rb8 44. Ra5 g6 45. Kf3 h6 46. Ke3 g5
47. Bf3 Rd8 48. Rc3 Rdc8 49. Rca3 Nd7 50. Be2 Nc5 51. Ra7 Kd6
52. Rxc7 Rxc7 53. Bf3 f5 54. Kd2 Ke5 55. Kc3 Rd7 56. Kb4 Kd4
57. Ra8 e5 58. Bc6 Rd6 59. Kb5 Ne6 60. Rc8 e4 61. a4 f4 62. a5
e3 63. fxe3+ fxe3 64. Bf3 Kc3 65. Bg4 Nd4+ 66. Kc5 Ra6 67. Re8
Kd3 68. Kb4 Ra7 69. Rd8 Ke4 70. Rd6 Rb7+ 71. Rb6 Rc7 72. a6
Kd3 73. c5 Nc2+ 74. Ka4 Kc4 75. Rb7 Rc6 76. Be2+ 1-0

[Event "Chess Olympiad"]
[Site "Tromso NOR"]
[Date "2014.08.09"]
[EventDate "2014.08.02"]
[Round "7.11"]
[Result "1-0"]
[White "Jan-Krzysztof Duda"]
[Black "Dalibor Stojanovic"]
[WhiteElo "2576"]
[BlackElo "2503"]
[PlyCount "83"]

1. e4 e5 2. Nf3 Nf6 3. Nxe5 d6 4. Nf3 Nxe4 5. d4 Be7 6. Bd3
Ng5 7. h3 Nxf3+ 8. Qxf3 Nc6 9. c3 Bg5 10. O-O Bxc1 11. Rxc1
O-O 12. Nd2 Ne7 13. Re1 c6 14. Re2 Nd5 15. Rae1 Qf6 16. Qxf6
Nxf6 17. Nc4 d5 18. Nd6 b6 19. Re7 c5 20. dxc5 bxc5 21. b3 Be6
22. Rc7 Rfd8 23. Nb7 Rd7 24. Rxd7 Nxd7 25. Bb5 Rb8 26. Bxd7
Rxb7 27. Bxe6 fxe6 28. Rxe6 c4 29. b4 a5 30. bxa5 Rb1+ 31. Kh2
Rb5 32. a6 Ra5 33. Re8+ Kf7 34. Ra8 Rc5 35. a7 Ra5 36. Kg3
Rxa2 37. Kf4 d4 38. cxd4 Rxf2+ 39. Ke3 Ra2 40. d5 c3 41. Kd3
c2 42. Kd2 1-0

[Event "Chess Olympiad"]
[Site "Tromso NOR"]
[Date "2014.08.10"]
[EventDate "2014.08.02"]
[Round "8.5"]
[Result "1/2-1/2"]
[White "Romain Edouard"]
[Black "Jan-Krzysztof Duda"]
[WhiteElo "2680"]
[BlackElo "2576"]
[PlyCount "80"]

1. e4 c5 2. Nf3 d6 3. d4 cxd4 4. Nxd4 Nf6 5. Nc3 a6 6. Be3 e5
7. Nb3 Be6 8. h3 Be7 9. f4 exf4 10. Bxf4 Nc6 11. Qe2 Nd7
12. O-O-O Nce5 13. Kb1 O-O 14. Nd4 Rc8 15. Qe3 Qc7 16. Nf5
Bxf5 17. exf5 b5 18. Qf2 Nb6 19. Be3 Ned7 20. Bd3 Bf6 21. Ne4
Be5 22. f6 g6 23. Rhf1 d5 24. Ng5 Bxf6 25. Bxb6 Qe5 26. Bd4
Qxd4 27. Qxd4 Bxd4 28. Bf5 gxf5 29. Rxd4 Rfe8 30. Rxd5 Re2
31. Rxd7 Rcxc2 32. Nxf7 Rxb2+ 33. Ka1 Rxa2+ 34. Kb1 Reb2+
35. Kc1 Rxg2 36. Nh6+ Kf8 37. Kb1 Rgb2+ 38. Kc1 Rg2 39. Kb1
Rgb2+ 40. Kc1 Rg2 1/2-1/2

[Event "Chess Olympiad"]
[Site "Tromso NOR"]
[Date "2014.08.11"]
[EventDate "2014.08.02"]
[Round "9.13"]
[Result "0-1"]
[White "Joseph G Gallagher"]
[Black "Jan-Krzysztof Duda"]
[WhiteElo "2473"]
[BlackElo "2576"]
[PlyCount "122"]

1. e4 c5 2. Nf3 d6 3. Bb5+ Bd7 4. Bxd7+ Qxd7 5. O-O Nc6 6. Qe2
Nf6 7. Rd1 g6 8. c3 Bg7 9. d4 cxd4 10. cxd4 d5 11. e5 Ne4
12. Ne1 f6 13. f3 Ng5 14. Bxg5 fxg5 15. Nc3 O-O 16. Rac1 g4
17. fxg4 Bh6 18. Rb1 Qxg4 19. Nf3 e6 20. a3 Rf4 21. h3 Qf5
22. g4 Qf7 23. Kg2 Qe7 24. Rd3 Raf8 25. Rf1 a6 26. Qd1 Na5
27. Ne2 Re4 28. Ng3 Nc4 29. Nxe4 dxe4 30. Rc3 exf3+ 31. Rfxf3
Rxf3 32. Qxf3 Nb6 33. h4 Qd7 34. g5 Bf8 35. Qe4 Nd5 36. Rf3
Ne7 37. Kh3 Nf5 38. Rd3 Kf7 39. d5 exd5 40. Rxd5 Qc6 41. e6+
Qxe6 42. Qxe6+ Kxe6 43. Rd8 Bg7 44. b3 h5 45. gxh6 Bxh6
46. Rb8 Nd6 47. Kg4 Kf7 48. a4 Bd2 49. Rd8 Ke7 50. Rg8 Kf6
51. Rf8+ Kg7 52. Rd8 Bb4 53. Kf4 a5 54. Rb8 Kf6 55. Kg4 Bc5
56. Kf4 b6 57. Rd8 Nf5 58. Rc8 Nxh4 59. Rc6+ Kg7 60. Kg4 Nf5
61. Kf4 Nd4 0-1

[Event "Chess Olympiad"]
[Site "Tromso NOR"]
[Date "2014.08.12"]
[EventDate "2014.08.02"]
[Round "10.5"]
[Result "0-1"]
[White "Valentin Iotov"]
[Black "Jan-Krzysztof Duda"]
[WhiteElo "2553"]
[BlackElo "2576"]
[PlyCount "62"]

1. d4 Nf6 2. c4 e6 3. Nf3 d5 4. Nc3 c6 5. e3 Nbd7 6. Qc2 Bd6
7. Bd3 O-O 8. O-O dxc4 9. Bxc4 b5 10. Be2 Bb7 11. e4 e5
12. Rd1 Qc7 13. Bg5 exd4 14. Rxd4 Ne5 15. g3 Bc5 16. Rd2 Nfg4
17. Nd1 Bb4 18. Rd4 Ba5 19. Ne3 Bb6 20. Nxg4 Nxf3+ 21. Bxf3
Bxd4 22. Rd1 f6 23. Rxd4 fxg5 24. Be2 Qe7 25. Qd2 Rad8 26. b4
c5 27. bxc5 Rxd4 28. Qxd4 Qxe4 29. Qxe4 Bxe4 30. Bxb5 Rf5
31. Bc4+ Kf8 0-1

[Event "Bundesliga 2014/15"]
[Site "Hamburg GER"]
[Date "2014.11.07"]
[EventDate "2014.10.18"]
[Round "7.3"]
[Result "0-1"]
[White "Jacek Tomczak"]
[Black "Jan-Krzysztof Duda"]
[WhiteElo "2560"]
[BlackElo "2599"]
[PlyCount "86"]

1. e4 c5 2. Nf3 d6 3. d4 cxd4 4. Nxd4 Nf6 5. Nc3 a6 6. Bc4 e6
7. Bb3 b5 8. O-O Be7 9. Qf3 Qd7 10. Bg5 Nc6 11. Nxc6 Qxc6
12. Nd5 exd5 13. Bxf6 dxe4 14. Qh5 Bxf6 15. Bd5 Qc7 16. Bxa8
Bxb2 17. Rab1 Bc3 18. Bxe4 g6 19. Qf3 O-O 20. Rbd1 Kg7 21. Qd3
Re8 22. f4 Bf6 23. Kh1 Qc5 24. h3 h5 25. Qf3 Bg4 26. hxg4 hxg4
27. Qf2 Rxe4 28. Qxc5 dxc5 29. Rd3 Re2 30. Ra3 Rxc2 31. Kh2 c4
32. Rxa6 c3 33. a3 Bd4 34. Re1 Ra2 35. Re4 Bf2 36. Re7 c2
37. Rc6 Rxa3 38. g3 Ra2 39. Kh1 Ra1+ 40. Kg2 c1=Q 41. Rxc1
Rxc1 42. Kxf2 Rc2+ 43. Ke1 Rc3 0-1

[Event "Bundesliga 2014/15"]
[Site "Hamburg GER"]
[Date "2014.11.08"]
[EventDate "2014.10.18"]
[Round "3.3"]
[Result "1-0"]
[White "Jan-Krzysztof Duda"]
[Black "Klaus Bischoff"]
[WhiteElo "2599"]
[BlackElo "2504"]
[PlyCount "55"]

1. e4 c5 2. Nf3 e6 3. g3 Nc6 4. Bg2 Nf6 5. Qe2 d6 6. O-O Be7
7. c3 O-O 8. Rd1 a6 9. d4 cxd4 10. cxd4 d5 11. e5 Ne8 12. Nc3
Bd7 13. Be3 Nc7 14. Rac1 Nb5 15. Ne1 f6 16. f4 f5 17. Nxd5
exd5 18. Bxd5+ Kh8 19. Bf3 Rc8 20. Nc2 Na5 21. Bf2 Rc4 22. d5
Qc8 23. Qd2 Bc5 24. Ne3 Nd4 25. Bh5 Ra4 26. b4 b6 27. bxc5
bxc5 28. Qb2 1-0

[Event "Bundesliga 2014/15"]
[Site "Hamburg GER"]
[Date "2014.11.09"]
[EventDate "2014.10.18"]
[Round "4.4"]
[Result "1-0"]
[White "Viktor Laznicka"]
[Black "Jan-Krzysztof Duda"]
[WhiteElo "2666"]
[BlackElo "2599"]
[PlyCount "119"]

1. Nf3 d5 2. g3 c6 3. Bg2 Bg4 4. O-O Nd7 5. d3 e6 6. Nbd2 Ngf6
7. e4 Be7 8. h3 Bh5 9. Qe2 O-O 10. b3 Ne5 11. Bb2 Nfd7 12. g4
Nxf3+ 13. Nxf3 Bg6 14. e5 Kh8 15. Rae1 h6 16. Qd2 Qb6 17. Qf4
Rae8 18. Qg3 Qa5 19. a3 c5 20. h4 Nb8 21. h5 Bh7 22. Kh1 Nc6
23. Rg1 g5 24. hxg6 fxg6 25. g5 h5 26. c4 Rd8 27. cxd5 Rxd5
28. Nh4 Qd2 29. Bxd5 exd5 30. Bc1 Qxf2 31. Qh3 Qd4 32. Re2 Kg7
33. e6 Kg8 34. Bb2 Qf4 35. Bf6 Bxf6 36. gxf6 Qxf6 37. Nxg6
Bxg6 38. Rxg6+ Qxg6 39. Rg2 Kh7 40. Rxg6 Kxg6 41. Qg3+ Kf6
42. Qf2+ Kg7 43. Qxc5 Re8 44. Qxd5 Kf6 45. b4 a6 46. Qxh5 Rxe6
47. Qh6+ Ke5 48. Qg7+ Kf4 49. Qf7+ Ke5 50. Qxb7 Ne7 51. Qc7+
Kf6 52. d4 Nf5 53. d5 Rd6 54. Qc3+ Kg5 55. Qe5 Kg6 56. a4 Rf6
57. b5 axb5 58. axb5 Nd6 59. b6 Kf7 60. b7 1-0

[Event "Qatar Masters"]
[Site "Doha QAT"]
[Date "2014.11.26"]
[EventDate "2014.11.26"]
[Round "1.57"]
[Result "1-0"]
[White "Jan-Krzysztof Duda"]
[Black "Gabriel Gaehwiler"]
[WhiteElo "2599"]
[BlackElo "2334"]
[PlyCount "45"]

1. e4 c5 2. Nf3 d6 3. d4 cxd4 4. Nxd4 Nf6 5. Nc3 a6 6. h3 e6
7. g4 d5 8. exd5 Nxd5 9. Nde2 h5 10. g5 Be7 11. Nxd5 exd5
12. h4 Bg4 13. Bg2 Nc6 14. c3 Ne5 15. f4 Nf3+ 16. Kf2 Qb6+
17. Be3 Bc5 18. Qd3 d4 19. cxd4 Nxd4 20. Nxd4 O-O-O 21. Rac1
Kb8 22. Rxc5 Qxc5 23. Qb3 1-0

[Event "Qatar Masters"]
[Site "Doha QAT"]
[Date "2014.11.27"]
[EventDate "2014.11.26"]
[Round "2.6"]
[Result "1/2-1/2"]
[White "Pavel Eljanov"]
[Black "Jan-Krzysztof Duda"]
[WhiteElo "2719"]
[BlackElo "2599"]
[PlyCount "60"]

1. d4 d5 2. c4 e6 3. Nf3 Nf6 4. g3 dxc4 5. Bg2 a6 6. O-O Nc6
7. Bg5 Be7 8. e3 O-O 9. Nbd2 e5 10. dxe5 Ng4 11. Bxe7 Qxe7
12. Nxc4 Ngxe5 13. Ncxe5 Nxe5 14. Nxe5 Qxe5 15. Qd4 Qxd4
16. exd4 c6 17. d5 cxd5 18. Bxd5 Rd8 19. Rfd1 Kf8 20. Rac1 Rb8
21. f3 Be6 22. Bxe6 fxe6 23. Kf2 Rxd1 24. Rxd1 Rc8 25. Ke3 Ke7
26. Rd2 e5 27. h4 h5 28. Kd3 Rd8+ 29. Ke3 Rc8 30. Kd3 Rd8+
1/2-1/2

[Event "Qatar Masters"]
[Site "Doha QAT"]
[Date "2014.11.28"]
[EventDate "2014.11.26"]
[Round "3.11"]
[Result "1/2-1/2"]
[White "Jan-Krzysztof Duda"]
[Black "Ivan Cheparinov"]
[WhiteElo "2599"]
[BlackElo "2684"]
[PlyCount "299"]

1. e4 c5 2. Nf3 d6 3. d4 cxd4 4. Nxd4 Nf6 5. Nc3 a6 6. h3 e6
7. g4 Be7 8. Bg2 Nfd7 9. Be3 Nc6 10. h4 O-O 11. g5 Nde5
12. Qe2 Nxd4 13. Bxd4 Nc6 14. O-O-O Nxd4 15. Rxd4 b5 16. f4
Qb6 17. Qd2 Rb8 18. f5 b4 19. Nd1 Qa5 20. Kb1 Qc5 21. Bh3 Bd8
22. Rf1 Bb6 23. Rxd6 Bc7 24. Rd3 a5 25. g6 fxg6 26. fxg6 Rxf1
27. Bxf1 Ba6 28. Rf3 Bxf1 29. gxh7+ Kh8 30. Rxf1 Rd8 31. Qe2
a4 32. Nf2 a3 33. Nh3 Qd4 34. c3 bxc3 35. Ng5 c2+ 36. Qxc2 Rb8
37. b3 Be5 38. Nf7+ Kxh7 39. Nxe5 Qxe5 40. Rf2 Rb7 41. Rg2 Rc7
42. Qd1 Qxe4+ 43. Rc2 Rc5 44. Kc1 Rd5 45. Rd2 Qe3 46. b4 Rf5
47. Kc2 Qe4+ 48. Kc3 Qxh4 49. Kb3 Qe4 50. Qc2 Qa8 51. Qc4 Rf3+
52. Rd3 g5 53. b5 Qb7 54. Rxf3 Qxf3+ 55. Ka4 g4 56. b6 g3
57. Qc7+ Kg6 58. b7 Qe4+ 59. Kxa3 Qe3+ 60. Kb4 g2 61. b8=Q
Qd4+ 62. Kb3 Qd3+ 63. Kb2 Qd4+ 64. Ka3 Qe3+ 65. Kb4 Qd4+
66. Qc4 g1=Q 67. Qg8+ Kh5 68. Qxg1 Qxg1 69. Qxe6 Qd4+ 70. Kb5
Qb2+ 71. Qb3 Qe5+ 72. Ka6 Kh4 73. Qc4+ Kh3 74. a4 Qd6+ 75. Kb7
Qd7+ 76. Kb8 Qd6+ 77. Kb7 Qd7+ 78. Kb6 Qd8+ 79. Kc5 Qe7+
80. Kd4 Qd8+ 81. Kc3 Qf6+ 82. Kb3 Qb6+ 83. Ka3 Qa7 84. Qc3+
Kh2 85. Qe5+ Kg2 86. a5 Kh1 87. Qd5+ Kh2 88. Qd6+ Kh1 89. Ka4
Qa8 90. a6 Qe4+ 91. Ka5 Qe1+ 92. Kb6 Qb1+ 93. Kc7 Qh7+ 94. Qd7
Qh2+ 95. Kc8 Qh8+ 96. Kb7 Qb2+ 97. Ka8 Qh8+ 98. Ka7 Kg1
99. Qc7 Kf1 100. Qc4+ Kg1 101. Qc5+ Kf1 102. Qc1+ Kf2 103. Kb7
Qh7+ 104. Kb6 Qg6+ 105. Kb5 Qd3+ 106. Qc4 Qb1+ 107. Ka4 Qd1+
108. Kb4 Qe1+ 109. Kb3 Qe3+ 110. Kc2 Qa7 111. Qf4+ Kg1
112. Qg3+ Kh1 113. Qf3+ Kg1 114. Qd1+ Kg2 115. Qd6 Kg1
116. Kd3 Qh7+ 117. Kd2 Kg2 118. Qd5+ Kh2 119. Qe5+ Kh1
120. Qe1+ Kh2 121. Qe3 Qd7+ 122. Ke1 Qa4 123. a7 Qa1+ 124. Ke2
Qa6+ 125. Kf3 Qc6+ 126. Kg4 Qd7+ 127. Kf4 Qf7+ 128. Ke4 Qb7+
129. Kd3 Qa6+ 130. Kd2 Qa2+ 131. Kd1 Qa1+ 132. Ke2 Qa6+
133. Kf3 Qc6+ 134. Qe4 Qc3+ 135. Kf4 Qf6+ 136. Ke3 Qc3+
137. Qd3 Qe5+ 138. Kf2 Qf6+ 139. Ke2 Qe5+ 140. Kf3 Qf6+
141. Ke3 Qe7+ 142. Kf3 Qf6+ 143. Ke2 Qe5+ 144. Qe3 Qb5+
145. Kf2 Qf5+ 146. Qf3 Qc5+ 147. Kf1 Qg1+ 148. Ke2 Qxa7
149. Qf2+ Qxf2+ 150. Kxf2 1/2-1/2

[Event "Qatar Masters"]
[Site "Doha QAT"]
[Date "2014.11.29"]
[EventDate "2014.11.26"]
[Round "4.20"]
[Result "1/2-1/2"]
[White "Hrant Melkumyan"]
[Black "Jan-Krzysztof Duda"]
[WhiteElo "2678"]
[BlackElo "2599"]
[PlyCount "61"]

1. d4 Nf6 2. c4 e6 3. Nc3 d5 4. Nf3 c6 5. g3 dxc4 6. Bg2 b5
7. O-O Bb7 8. Ne5 a6 9. b3 cxb3 10. axb3 Nbd7 11. Qc2 Rc8
12. Rd1 Be7 13. Bb2 Qb6 14. Ne4 Nxe5 15. Nxf6+ Bxf6 16. dxe5
Be7 17. Qe4 O-O 18. Bd4 Qc7 19. Rdc1 Bb4 20. Qe3 h6 21. Bb6
Qe7 22. Bc5 Bxc5 23. Rxc5 Rfd8 24. b4 Qd7 25. Bf3 Qd2 26. Qa3
Rd4 27. Rb1 Qg5 28. Qa5 Rcd8 29. Qb6 Qf5 30. Rcc1 R8d7 31. Qc5
1/2-1/2

[Event "Qatar Masters"]
[Site "Doha QAT"]
[Date "2014.11.30"]
[EventDate "2014.11.26"]
[Round "5.18"]
[Result "1-0"]
[White "Ivan Saric"]
[Black "Jan-Krzysztof Duda"]
[WhiteElo "2680"]
[BlackElo "2599"]
[PlyCount "99"]

1. e4 c5 2. Nf3 d6 3. d4 cxd4 4. Nxd4 Nf6 5. Nc3 a6 6. h3 e5
7. Nde2 h5 8. g3 Be6 9. Bg2 b5 10. O-O Nbd7 11. a4 b4 12. Nd5
Nxd5 13. exd5 Bf5 14. Bd2 Rb8 15. Qe1 Be7 16. Bxb4 Qb6 17. c3
Nc5 18. a5 Qb5 19. Bxc5 dxc5 20. Nf4 Bd6 21. Nxh5 Bd3 22. g4
Qxb2 23. Nxg7+ Kd7 24. Qe3 Qxc3 25. Nf5 Rb3 26. Rfc1 Qb4
27. Nxd6 Kxd6 28. Ra4 Qb5 29. Raa1 f6 30. f4 e4 31. f5 Kxd5
32. Rd1 Re8 33. Qh6 Qc6 34. g5 c4 35. gxf6 Rg8 36. Ra2 Ke5
37. Qh7 Qc5+ 38. Kh1 Rf8 39. f7 Rbb8 40. Qg6 Qe7 41. Qg7+ Kd5
42. Re2 Rb1 43. Bxe4+ Qxe4+ 44. Rxe4 Rxd1+ 45. Kh2 Rxf7
46. Qd4+ Kc6 47. Qb6+ Kd5 48. Rd4+ Ke5 49. Qd6+ Kxf5 50. Rf4+
1-0

[Event "Qatar Masters"]
[Site "Doha QAT"]
[Date "2014.12.02"]
[EventDate "2014.11.26"]
[Round "7.55"]
[Result "1/2-1/2"]
[White "Guido Caprio"]
[Black "Jan-Krzysztof Duda"]
[WhiteElo "2401"]
[BlackElo "2599"]
[PlyCount "93"]

1. d4 Nf6 2. c4 e6 3. Nc3 Bb4 4. e3 O-O 5. Bd3 c5 6. Nf3 d5
7. O-O cxd4 8. exd4 dxc4 9. Bxc4 b6 10. Bg5 Bb7 11. Re1 Nc6
12. a3 Be7 13. Qd3 h6 14. Bh4 Nh5 15. Bg3 Nxg3 16. hxg3 Bf6
17. d5 exd5 18. Nxd5 Bxb2 19. Rad1 Kh8 20. Ba2 g6 21. Qc2 Bf6
22. Nf4 Qc7 23. Nd5 Qd6 24. Qc1 Kg7 25. Nxb6 Nd4 26. Nxa8 Bxf3
27. gxf3 Rxa8 28. Qc4 Rf8 29. Rd3 Qd7 30. Re4 Rd8 31. Kg2 a5
32. Rf4 Qa7 33. Re4 h5 34. Rd1 Rd7 35. Qc8 Rc7 36. Qe8 Rc2
37. Bb1 Rb2 38. Rf1 Qc5 39. Qd7 h4 40. gxh4 Nf5 41. h5 Ne3+
42. Rxe3 Qxe3 43. hxg6 Qg5+ 44. Kh1 Qh4+ 45. Kg2 Qg5+ 46. Kh1
Qh4+ 47. Kg2 1/2-1/2

[Event "Qatar Masters"]
[Site "Doha QAT"]
[Date "2014.12.03"]
[EventDate "2014.11.26"]
[Round "8.53"]
[Result "1-0"]
[White "Jan-Krzysztof Duda"]
[Black "Pier Luigi Basso"]
[WhiteElo "2599"]
[BlackElo "2335"]
[PlyCount "73"]

1. d4 Nf6 2. c4 e6 3. Nf3 b6 4. Bf4 Bb7 5. e3 Bb4+ 6. Nbd2 Be7
7. h3 c5 8. dxc5 bxc5 9. Bd3 d6 10. Qc2 Nc6 11. a3 Qb6 12. O-O
h6 13. Rfd1 O-O 14. Bh2 Rab8 15. Rab1 a5 16. Kh1 Qa7 17. Ng1
Qa8 18. f3 Nd7 19. Ne4 Nce5 20. Nxd6 Bxd6 21. Bh7+ Kh8
22. Rxd6 Rbd8 23. Rbd1 f5 24. Qc3 Nxf3 25. Nxf3 Bxf3 26. Rxd7
Rxd7 27. Rxd7 Bxg2+ 28. Kg1 Rf6 29. Be5 Qf3 30. Bxf6 Qf1+
31. Kh2 Qh1+ 32. Kg3 Qxh3+ 33. Kf2 Qf3+ 34. Ke1 Qf1+ 35. Kd2
Qf2+ 36. Kc1 Qf1+ 37. Rd1 1-0

[Event "Qatar Masters"]
[Site "Doha QAT"]
[Date "2014.12.04"]
[EventDate "2014.11.26"]
[Round "9.40"]
[Result "1-0"]
[White "Aryan Tari"]
[Black "Jan-Krzysztof Duda"]
[WhiteElo "2479"]
[BlackElo "2599"]
[PlyCount "225"]

1. e4 e5 2. Nf3 Nc6 3. d4 exd4 4. Nxd4 Bc5 5. Nb3 Bb4+ 6. Bd2
a5 7. a3 Bxd2+ 8. Qxd2 a4 9. Nd4 Qf6 10. c3 Nh6 11. Bc4 O-O
12. O-O Na5 13. Ba2 b6 14. Re1 Ba6 15. e5 Qg6 16. Qf4 Nb7
17. Nd2 Nc5 18. Bb1 Qg4 19. Qxg4 Nxg4 20. h3 Nh6 21. Ne4 Bc4
22. Bc2 g6 23. Rad1 Kg7 24. Rd2 Ng8 25. Nf3 Rfb8 26. Nxc5 bxc5
27. Be4 Ra7 28. Rxd7 h6 29. Bc6 Be6 30. Rd2 Ne7 31. Bd7 Bd5
32. e6 c6 33. c4 Bxf3 34. exf7 Kxf7 35. gxf3 Rb3 36. Re3 Rab7
37. Rxb3 Rxb3 38. Kg2 h5 39. h4 Rb6 40. Kg3 Ng8 41. Bh3 Nh6
42. Kf4 Ke7 43. Rd7+ Kf6 44. Rd6+ Kg7 45. Be6 Rxb2 46. Rxc6
Rxf2 47. Ra6 Re2 48. Ra7+ Kf6 49. Bd5 Rh2 50. Ra6+ Kg7 51. Be4
Nf5 52. Bxf5 gxf5 53. Kg5 Rh3 54. Ra7+ Kg8 55. f4 Rxa3
56. Kxf5 Ra1 57. Ra5 a3 58. Rxc5 Rc1 59. Ra5 Rxc4 60. Rxa3 Rc7
61. Kg6 Rg7+ 62. Kxh5 Rg1 63. Ra5 Kf7 64. Rg5 Rh1 65. Kg4 Rg1+
66. Kf5 Ra1 67. Rg2 Ra5+ 68. Kg4 Kg6 69. Rb2 Kf6 70. Rb6+ Kf7
71. Rh6 Kg7 72. Rh5 Ra1 73. Rb5 Rc1 74. h5 Ra1 75. Kg5 Rg1+
76. Kf5 Ra1 77. Rb6 Ra5+ 78. Kg4 Ra1 79. Kg5 Rg1+ 80. Kf5 Ra1
81. Rg6+ Kf7 82. Kg5 Rg1+ 83. Kh6 Rf1 84. Rg4 Rh1 85. Rg5 Kf6
86. Rg8 Kf7 87. Ra8 Rh2 88. Kg5 Rg2+ 89. Kf5 Kg7 90. Ra6 Rb2
91. Rg6+ Kf7 92. Rf6+ Kg7 93. h6+ Kh7 94. Re6 Rb5+ 95. Kg4 Rb1
96. f5 Rg1+ 97. Kf4 Rg2 98. Ke5 Ra2 99. Rg6 Ra5+ 100. Kf6 Ra6+
101. Kg5 Ra7 102. Re6 Rb7 103. Re8 Ra7 104. Kf6 Ra1 105. Re2
Rf1 106. Ke6 Kxh6 107. f6 Kg6 108. Rg2+ Kh7 109. f7 Re1+
110. Kf6 Rf1+ 111. Ke7 Rf3 112. Rh2+ Kg7 113. f8=Q+ 1-0

[Event "Bundesliga 2014/15"]
[Site "Rostock GER"]
[Date "2015.01.31"]
[EventDate "2014.10.18"]
[Round "8.4"]
[Result "1/2-1/2"]
[White "Jan-Krzysztof Duda"]
[Black "Grzegorz Gajewski"]
[WhiteElo "2599"]
[BlackElo "2643"]
[PlyCount "96"]

1. e4 c5 2. Nf3 d6 3. Bb5+ Bd7 4. Bxd7+ Qxd7 5. c4 Nf6 6. Nc3
g6 7. d4 cxd4 8. Nxd4 Bg7 9. f3 Qc7 10. b3 Qa5 11. Bb2 Nc6
12. O-O O-O 13. Kh1 Rfe8 14. Nce2 Nxd4 15. Bxd4 b5 16. cxb5
Qxb5 17. Rc1 Rec8 18. Nc3 Qb7 19. Qd3 Rc6 20. Bxf6 Bxf6
21. Nd5 Rac8 22. Nxf6+ exf6 23. Rxc6 Qxc6 24. h3 Kg7 25. Rd1
Qc2 26. Qxc2 Rxc2 27. a4 Rc6 28. b4 Rc4 29. Rxd6 Rxb4 30. Ra6
Rb7 31. g4 h5 32. gxh5 gxh5 33. Kg2 h4 34. Kf2 Rb2+ 35. Kg1
Rb1+ 36. Kf2 Rb2+ 37. Kg1 Rb1+ 38. Kf2 Rb2+ 39. Ke3 Rh2
40. Kf4 Rxh3 41. Kg4 Rh1 42. Rxa7 h3 43. Kg3 h2 44. a5 Rf1
45. Kxh2 Rxf3 46. a6 Ra3 47. Ra8 Ra4 48. a7 Ra1 1/2-1/2